| 000 | 01389cam a22003854a 4500 | ||
|---|---|---|---|
| 001 | 7842267 | ||
| 003 | OSt | ||
| 005 | 20210823153029.0 | ||
| 006 | m d | ||
| 007 | cr n | ||
| 008 | 070711s2007 gw a sb 001 0 eng d | ||
| 020 | _a9783540737209 (hardcover : alk. paper) | ||
| 035 | _a(WaSeSS)ssj0000316113 | ||
| 038 | _akhadija | ||
| 040 |
_aDLC _cDLC _dWaSeSS |
||
| 050 | 4 |
_aQA76.758 _b.B445 2007 |
|
| 082 |
_a005.1 _bBEL |
||
| 100 | 1 |
_aBeliakov, Gleb. _981639 |
|
| 210 | 1 | 0 | _aAggregation functions |
| 245 | 1 | 0 |
_aAggregation Functions _bA Guide for Practitioners / _cGleb Beliakov, Ana Pradera, Tomasa Calvo. |
| 260 |
_aBerlin ; _aNew York : _bSpringer, _cc2007. |
||
| 490 | 0 |
_aStudies in fuzziness and soft computing ; _v221 |
|
| 504 | _aIncludes bibliographical references and index. | ||
| 506 | _aLicense restrictions may limit access. | ||
| 563 | _ahard cover | ||
| 650 | 0 |
_aSoftware engineering. _92256 |
|
| 650 | 0 |
_aAggregation operators. _981640 |
|
| 650 | 0 |
_aMultiple criteria decision making. _981641 |
|
| 700 | 1 |
_aPradera, Ana. _981642 |
|
| 700 | 1 |
_aCalvo, Tomasa, _d1954- _981643 |
|
| 773 | 0 | _tSpringerLink ebooks - Engineering (2007) | |
| 856 | 4 | 0 |
_uhttp://www.columbia.edu/cgi-bin/cul/resolve?clio7842267 _zFull text available from SpringerLink ebooks - Engineering (2007) |
| 910 | _aLibrary of Congress record | ||
| 942 |
_2ddc _cBK |
||
| 999 |
_c31858 _d31858 |
||